[Event "40th Olympiad Open"]
[Site "Istanbul TUR"]
[Date "2012.09.09"]
[Round "11.16"]
[Board "3"]
[White "Michalik, Peter"]
[Black "Solomon, Stephen J."]
[Result "0-1"]
[WhiteTitle "GM"]
[BlackTitle "IM"]
[WhiteElo "2508"]
[BlackElo "2378"]
[WhiteTeam "Slovakia"]
[BlackTeam "Australia"]
[WhiteFideId "14907526"]
[BlackFideId "3200043"]
[EventDate "2012.08.28"]

1. d4 d5 2. c4 e6 3. Nf3 Nf6 4. g3 dxc4 5. Bg2 Nc6 6. Qa4 Bb4+ 7. Bd2 Nd5 8.
Bxb4 Nxb4 9. O-O Rb8 10. Na3 O-O 11. Qb5 Qd5 12. Qxc4 b5 13. Qxd5 exd5 14. Rfc1
Bg4 15. e3 Rb6 16. Ne1 Rfb8 17. Nb1 Be6 18. a4 Ra6 19. Nc3 bxa4 20. Nxa4 Kf8 21.
Ra3 Ne7 22. Bf1 Ra5 23. Rxc7 Nbc6 24. Nd3 Ke8 25. Nac5 Rxa3 26. bxa3 Bc8 27. Nb4
Rxb4 28. axb4 Kd8 29. Rxc6 Nxc6 30. b5 Ne7 31. Na4 Kc7 32. Bd3 Bd7 33. Kf1 Nc8
34. Nc3 Be6 35. Bxh7 g6 36. h4 Ne7 37. h5 gxh5 38. Bd3 Kb6 39. Ke1 Ka5 40. Kd2
Kb4 41. Be2 Bg4 42. f3 Bd7 43. e4 f5 44. exd5 f4 45. g4 h4 46. d6 h3 47. dxe7 h2
48. Nd5+ Ka3 49. Nf6 h1=Q 50. Nxd7 Kb2 51. Bd1 Qh2+ 52. Kd3 Qh7+ 53. Kc4 Qf7+
54. Kd3 Qxe7 55. Ne5 Qh7+ 56. Kc4 Qb1 57. Nd3+ Ka3 58. g5 Qxd1 59. Ne5 Qb3+ 60.
Kc5 Qb4+ 61. Kd5 Qxb5+ 62. Ke4 Kb4 63. g6 Qb7+ 64. Kxf4 a5 65. Kg5 a4 66. Kh6 a3
67. g7 Qc8 68. Kh7 Qf5+ 69. Kh6 Qe6+ 70. Kh7 a2 71. g8=Q Qxg8+ 72. Kxg8 a1=Q 73.
f4 Kc3 74. f5 Qf1 0-1

[Event "40th Olympiad Open"]
[Site "Istanbul TUR"]
[Date "2012.09.09"]
[Round "11.16"]
[Board "4"]
[White "Illingworth, Max"]
[Black "Jurcik, Marian"]
[Result "1/2-1/2"]
[WhiteTitle "FM"]
[BlackTitle "IM"]
[WhiteElo "2360"]
[BlackElo "2486"]
[WhiteTeam "Australia"]
[BlackTeam "Slovakia"]
[WhiteFideId "3205207"]
[BlackFideId "14907518"]
[EventDate "2012.08.28"]

1. e4 c5 2. Nf3 e6 3. c3 d5 4. e5 Ne7 5. Na3 Nec6 6. d4 Qb6 7. Nc2 cxd4 8. cxd4
Bd7 9. Be2 Nb4 10. Na3 Be7 11. O-O N8a6 12. Bg5 Bxg5 13. Nxg5 h6 14. Nf3 Rc8 15.
Qb3 O-O 16. Rac1 Qa5 17. Bxa6 Ba4 18. Qe3 Qxa6 19. Qd2 Qb6 20. b3 Bd7 21. h4 a5
22. Nb1 Qb5 23. Rfd1 Qd3 24. Qxd3 Nxd3 25. Rxc8 Rxc8 26. Rxd3 Rc1+ 27. Kh2 Rxb1
28. Rd2 a4 29. bxa4 Bxa4 30. Kg3 Rb4 31. Kf4 Bb5 32. Rc2 Bc4 33. Nd2 Ra4 34.
Nxc4 dxc4 35. a3 Rxa3 36. Rxc4 Ra2 37. Ke3 Ra3+ 38. Ke4 Ra2 39. Ke3 Ra3+ 40. Ke4
Ra2 1/2-1/2

[Event "40th Olympiad Open"]
[Site "Istanbul TUR"]
[Date "2012.09.09"]
[Round "11.17"]
[Board "2"]
[White "Prasca Sosa, Rafael"]
[Black "Georgiev, Kiril"]
[Result "0-1"]
[WhiteTitle "IM"]
[BlackTitle "GM"]
[WhiteElo "2415"]
[BlackElo "2682"]
[WhiteTeam "Venezuela"]
[BlackTeam "Bulgaria"]
[WhiteFideId "3900819"]
[BlackFideId "2900017"]
[EventDate "2012.08.28"]

1. e4 e5 2. Nf3 Nc6 3. Nc3 Nf6 4. Bb5 Bb4 5. O-O O-O 6. d3 d6 7. Bxc6 bxc6 8.
Ne2 Nd7 9. c3 Bc5 10. Re1 Bb6 11. Ng3 Re8 12. Bg5 f6 13. Be3 Nf8 14. d4 Bg4 15.
h3 exd4 16. Bxd4 Bd7 17. Qc2 Qe7 18. Be3 Qf7 19. Bd2 Ng6 20. Be3 Be6 21. b3 Bd7
22. Rad1 Re7 23. c4 Bxe3 24. Rxe3 c5 25. Rde1 a5 26. a4 Ree8 27. Qd2 Bc6 28. Qc3
Nf4 29. Ne2 Ng6 30. Ng3 Qd7 31. Nd2 Qf7 32. Nf3 Bd7 33. Nd2 Nf4 34. Ne2 Ng6 35.
Ng3 h6 36. Kh2 Nf4 37. Ne2 Ne6 38. f4 f5 39. exf5 Qxf5 40. g4 Qf7 41. f5 Bc6 42.
Kg3 Nf8 43. Nf4 Rxe3+ 44. Rxe3 Re8 45. Nf1 Ra8 46. Nd2 Nd7 47. Ng6 Re8 48. Nf1
Nf6 49. Qxa5 Rxe3+ 50. Nxe3 Qe8 51. Nd5 Bxd5 52. cxd5 Kh7 53. Kf2 Ne4+ 54. Kf1
Ng3+ 55. Kg2 Ne2 56. Qxc7 Qe4+ 57. Kf2 Nd4 58. Qe7 Qf3+ 59. Ke1 Qg2 60. Kd1 Qf1+
61. Kd2 Qf2+ 62. Kd1 Qf1+ 63. Kd2 Nxb3+ 64. Kc3 Nd4 65. Kd2 Qg2+ 66. Kd1 Qxh3
67. Nf8+ Kg8 68. Qe8 Qxg4+ 69. Kc1 Qf4+ 70. Kd1 Qf1+ 71. Kd2 Nf3+ 72. Kc2 Qc4+
73. Kb2 Qd4+ 74. Kb1 Qd3+ 75. Kb2 Qd2+ 76. Kb1 Qb4+ 77. Kc1 Qc3+ 0-1

[Event "40th Olympiad Open"]
[Site "Istanbul TUR"]
[Date "2012.09.09"]
[Round "11.17"]
[Board "3"]
[White "Cheparinov, Ivan"]
[Black "Ynojosa, Felix Jose"]
[Result "1-0"]
[WhiteTitle "GM"]
[BlackTitle "FM"]
[WhiteElo "2681"]
[BlackElo "2374"]
[WhiteTeam "Bulgaria"]
[BlackTeam "Venezuela"]
[WhiteFideId "2905540"]
[BlackFideId "3900258"]
[EventDate "2012.08.28"]

1. d4 Nf6 2. c4 e6 3. Nf3 b6 4. g3 Bb7 5. Bg2 c5 6. d5 exd5 7. Ng5 Ne4 8. Nxe4
dxe4 9. Nc3 Be7 10. Nxe4 Nc6 11. Bf4 Na5 12. O-O O-O 13. Qc2 Qc8 14. Rad1 Bc6
15. Rd2 Nb7 16. Rfd1 Nd8 17. Bd6 Bxd6 18. Ng5 g6 19. Rxd6 Bxg2 20. Kxg2 Ne6 21.
Nf3 Qa6 22. b3 Rad8 23. Qb2 Qb7 24. R1d5 f6 25. Qd2 Qc8 26. h4 Nc7 27. Rd3 Rf7
28. h5 Ne8 29. hxg6 hxg6 30. Re6 Ng7 31. Re4 Re8 32. Rh4 g5 33. Rh1 Qc6 34. Rd5
Qe6 35. Qd3 Qe4 36. Qxe4 Rxe4 37. e3 Ne8 38. Rhd1 Ree7 39. g4 Rh7 40. Nh2 Nc7
41. Rf5 Re6 42. Nf1 Kf8 43. Ng3 Ke8 44. Nh5 Rf7 45. Rh1 Kd8 46. Ng3 Ne8 47. Rh6
Nd6 48. Rd5 Kc7 49. Rg6 a6 50. Nf5 Ne4 51. Rg8 Nc3 52. Rd2 b5 53. Ng7 Rc6 54.
Ne8+ Kb6 55. Nd6 Rh7 56. Rb8+ Ka7 57. Rf8 b4 58. Rxf6 Rh4 59. Rf7 Rxg4+ 60. Kf3
Rg1 61. Rxd7+ Kb6 62. Rb7+ Ka5 63. Rb8 Rc7 64. Rd5 Nxa2 65. Nb7+ Kb6 66. Nxc5+
Ka7 67. Rg8 Rf7+ 68. Ke4 Nc3+ 69. Ke5 Nxd5 70. cxd5 Rc1 71. Nd3 Rc3 72. Nxb4
Rxf2 73. e4 Re3 74. d6 Rf7 75. Kd5 Rb7 76. Nc6+ Kb6 77. e5 Rxb3 78. Nd4 Ra3 79.
e6 Ra5+ 80. Ke4 Rh7 81. Rb8+ Kc5 82. d7 Rh4+ 83. Ke5 Kc4+ 84. Nb5 1-0

[Event "40th Olympiad Open"]
[Site "Istanbul TUR"]
[Date "2012.09.09"]
[Round "11.18"]
[Board "2"]
[White "Fernandes, Antonio"]
[Black "Iordachescu, Viorel"]
[Result "0-1"]
[WhiteTitle "GM"]
[BlackTitle "GM"]
[WhiteElo "2395"]
[BlackElo "2645"]
[WhiteTeam "Portugal"]
[BlackTeam "Moldova"]
[WhiteFideId "1900021"]
[BlackFideId "13900200"]
[EventDate "2012.08.28"]

1. d4 Nf6 2. Nf3 e6 3. g3 b5 4. Bg2 Bb7 5. O-O d5 6. a4 b4 7. c4 bxc3 8. Nxc3
Be7 9. Qb3 Ba6 10. Ne5 O-O 11. Re1 c6 12. e4 Nfd7 13. Nf3 Bc4 14. Qc2 Na6 15.
Bf1 Nb4 16. Qd1 Bxf1 17. Rxf1 Qb6 18. Qe2 Qa6 19. Qxa6 Nxa6 20. Bf4 Nb4 21. Rfd1
Rfc8 22. Rac1 a6 23. Kf1 f6 24. g4 Kf7 25. Ke2 Ra7 26. exd5 exd5 27. Rd2 Rb7 28.
Nd1 Nf8 29. Ne3 Ne6 30. Bg3 Bf8 31. Ne1 g6 32. f4 Re8 33. Kf3 Bd6 34. b3 Bb8 35.
Nd1 Bxf4 36. Bxf4 Nxf4 37. Nf2 g5 38. Ng2 Nxg2 39. Kxg2 Re3 40. h4 Rxb3 41. hxg5
fxg5 42. Rh1 Kg7 43. a5 Ra3 44. Rh3 Rxa5 45. Nd1 Ra2 46. Rxa2 Nxa2 47. Ne3 Nb4
48. Rh5 a5 49. Rxg5+ Kf8 50. Nf5 a4 51. Nh6 Rg7 52. Rf5+ Ke8 53. Rf3 Rg6 54.
Re3+ Kd7 55. Nf5 Rxg4+ 56. Kf3 Re4 57. Ra3 Ke6 58. Ng7+ Kf6 59. Rxa4 Nc2 60.
Nh5+ Kg5 61. Ng3 Nxd4+ 62. Kg2 Rg4 63. Kh3 Rh4+ 64. Kg2 Nf5 0-1

[Event "40th Olympiad Open"]
[Site "Istanbul TUR"]
[Date "2012.09.09"]
[Round "11.18"]
[Board "3"]
[White "Svetushkin, Dmitry"]
[Black "Pereira, Ruben"]
[Result "1/2-1/2"]
[WhiteTitle "GM"]
[BlackTitle "IM"]
[WhiteElo "2569"]
[BlackElo "2417"]
[WhiteTeam "Moldova"]
[BlackTeam "Portugal"]
[WhiteFideId "13900463"]
[BlackFideId "1903063"]
[EventDate "2012.08.28"]

1. e4 c5 2. Nf3 e6 3. d3 Nc6 4. g3 d6 5. Bg2 g6 6. O-O Bg7 7. c3 Nge7 8. d4 O-O
9. dxc5 dxc5 10. Qe2 Qc7 11. Na3 a6 12. Rd1 e5 13. Be3 b6 14. Nc4 Bg4 15. h3
Bxf3 16. Bxf3 Rfd8 17. a4 Rab8 18. Na3 Qb7 19. h4 Bf8 20. h5 Nc8 21. Rd5 N8e7
22. Bg5 h6 23. Rxd8 Rxd8 24. Bc1 g5 25. Nc4 Nc8 26. Qc2 Nd6 27. Ne3 c4 28. b4
cxb3 29. Qxb3 Na5 30. Qd5 Qxd5 31. Nxd5 Nb3 32. Rb1 Nxc1 33. Rxc1 b5 34. axb5
Nxb5 35. Ra1 Na3 36. Be2 a5 37. Bd3 Bc5 38. Kf1 Kg7 39. g4 Rb8 40. Ra2 Rb3 41.
Ke2 a4 42. f3 Kf8 43. Kd2 Ke8 44. Bc2 Nc4+ 45. Kd3 Ra3 46. Rxa3 Nb2+ 47. Kd2
Bxa3 48. Bd3 Bc5 49. Be2 Kd8 50. Kc2 a3 51. Nb4 Bxb4 52. cxb4 Na4 53. Bc4 f6 54.
Kb3 Nb6 55. Bb5 Kc7 56. Kxa3 Kd6 57. Kb3 Kc7 58. Be8 Kd6 59. Kc3 Ke7 60. Bc6 Kd6
61. Bd5 Kc7 62. b5 Kd6 63. Kb4 Nd7 64. Bf7 Nb6 65. Be8 Nc8 66. Bg6 Nb6 67. Bf5
Na8 68. Ka5 Kc7 69. Bg6 Nb6 70. Bh7 Nc8 71. Bf5 Nb6 72. Be6 Na8 73. b6+ Nxb6 74.
Kb5 Nd7 75. Bxd7 Kxd7 76. Kc5 Kc7 77. Kd5 Kd7 1/2-1/2

[Event "40th Olympiad Open"]
[Site "Istanbul TUR"]
[Date "2012.09.09"]
[Round "11.18"]
[Board "4"]
[White "Ferreira, Jorge Viterbo"]
[Black "Vedmediuc, Serghei"]
[Result "1/2-1/2"]
[WhiteTitle "FM"]
[BlackTitle "IM"]
[WhiteElo "2338"]
[BlackElo "2468"]
[WhiteTeam "Portugal"]
[BlackTeam "Moldova"]
[WhiteFideId "1910850"]
[BlackFideId "13900790"]
[EventDate "2012.08.28"]

1. d4 g6 2. c4 Bg7 3. Nf3 d6 4. e4 Bg4 5. Be2 Nc6 6. Be3 e5 7. d5 Bxf3 8. Bxf3
Nd4 9. O-O c5 10. dxc6 bxc6 11. Bxd4 exd4 12. Nd2 Ne7 13. c5 dxc5 14. Rc1 d3 15.
Nb3 Bxb2 16. Rc4 Bg7 17. Qd2 O-O 18. Nxc5 Rb8 19. Nxd3 Rb2 20. Rc2 Rxc2 21. Qxc2
Qd6 22. Rd1 Rd8 23. g3 Qa3 24. Kg2 h5 25. h4 Qc3 26. Qxc3 Bxc3 27. Be2 Rd4 28.
Nc5 Rxd1 29. Bxd1 Bd4 30. Nb3 Bc3 31. Nc5 Bd4 32. Nb3 Bc3 33. Nc5 1/2-1/2

[Event "40th Olympiad Open"]
[Site "Istanbul TUR"]
[Date "2012.09.09"]
[Round "11.19"]
[Board "4"]
[White "Johannes Manyedi, Mabusela"]
[Black "Bauer, Christian"]
[Result "0-1"]
[WhiteTitle "IM"]
[BlackTitle "GM"]
[WhiteElo "2306"]
[BlackElo "2682"]
[WhiteTeam "South Africa"]
[BlackTeam "France"]
[WhiteFideId "14300702"]
[BlackFideId "603767"]
[EventDate "2012.08.28"]

1. d4 Nf6 2. Nf3 e6 3. e3 g6 4. Bd3 d6 5. O-O Bg7 6. e4 O-O 7. Nc3 Nc6 8. h3 a6
9. Bg5 h6 10. Be3 b6 11. Qd2 Kh7 12. Ne2 e5 13. Ng3 Bb7 14. c3 Qe7 15. Rae1 Nb8
16. Nh2 c5 17. d5 Nbd7 18. f4 exf4 19. Bxf4 Ne5 20. Bb1 Nfd7 21. Nf3 b5 22. Nxe5
Nxe5 23. Nh1 Bc8 24. Nf2 c4 25. Bc2 a5 26. Bd1 Bd7 27. Ng4 Nd3 28. Re3 Nxf4 29.
Rxf4 h5 30. Nh2 Bh6 31. Qf2 Rae8 32. Re1 Bxf4 33. Qxf4 f5 34. Nf3 fxe4 35. Qxe4
Qf6 36. Qd4 Rxe1+ 37. Nxe1 Qf1+ 38. Kh2 Qxe1 39. Qg7+ Kxg7 0-1

[Event "40th Olympiad Open"]
[Site "Istanbul TUR"]
[Date "2012.09.09"]
[Round "11.20"]
[Board "2"]
[White "Khusenkhojaev, Muhammad"]
[Black "Stevic, Hrvoje"]
[Result "1/2-1/2"]
[BlackTitle "GM"]
[WhiteElo "2378"]
[BlackElo "2614"]
[WhiteTeam "Tajikistan"]
[BlackTeam "Croatia"]
[WhiteFideId "14700247"]
[BlackFideId "14502569"]
[EventDate "2012.08.28"]

1. Nf3 c5 2. c4 Nc6 3. g3 g6 4. Bg2 Bg7 5. O-O d6 6. Nc3 e5 7. d3 Nge7 8. a3 O-O
9. Rb1 a5 10. Ne1 Be6 11. Nd5 Rb8 12. Nxe7+ Nxe7 13. b4 cxb4 14. axb4 axb4 15.
Rxb4 d5 16. Nc2 dxc4 17. dxc4 Nc6 18. Ra4 Qxd1 19. Rxd1 Rfd8 20. Rxd8+ Rxd8 21.
Ne3 Bh6 22. h4 Rd4 23. Bxc6 bxc6 24. Ra6 Bd7 25. Ra7 f6 26. Kh2 Bxe3 27. Bxe3
Rd1 28. Bh6 Kf7 29. Ra8 Re1 30. Rh8 Bg4 31. Rxh7+ Ke6 32. Rc7 Kf5 33. Rxc6 Bxe2
34. Bg7 Bf3 35. Rxf6+ Ke4 36. g4 Rh1+ 37. Kg3 Rg1+ 38. Kh3 Rh1+ 39. Kg3 Rg1+ 40.
Kh3 Rh1+ 41. Kg3 1/2-1/2

[Event "40th Olympiad Open"]
[Site "Istanbul TUR"]
[Date "2012.09.09"]
[Round "11.20"]
[Board "3"]
[White "Palac, Mladen"]
[Black "Djuraev, Sokhib"]
[Result "1-0"]
[WhiteTitle "GM"]
[BlackTitle "FM"]
[WhiteElo "2599"]
[BlackElo "2354"]
[WhiteTeam "Croatia"]
[BlackTeam "Tajikistan"]
[WhiteFideId "14500116"]
[BlackFideId "14201690"]
[EventDate "2012.08.28"]

1. e4 e6 2. d4 d5 3. Nd2 dxe4 4. Nxe4 Nd7 5. Nf3 Ngf6 6. Nxf6+ Nxf6 7. Be3 b6 8.
Bb5+ Bd7 9. Bd3 Bd6 10. Ne5 Bxe5 11. dxe5 Nd5 12. Bd2 Qh4 13. Qf3 Qd4 14. O-O-O
b5 15. Qg3 g6 16. Rhe1 Qa4 17. Kb1 c5 18. Be4 Bc6 19. Bg5 b4 20. Bf6 Nxf6 21.
exf6 O-O 22. Qg5 Kh8 23. Qh6 Rg8 24. Rd3 1-0

[Event "40th Olympiad Open"]
[Site "Istanbul TUR"]
[Date "2012.09.09"]
[Round "11.20"]
[Board "4"]
[White "Yunusov, Ilhom"]
[Black "Brkic, Ante"]
[Result "0-1"]
[BlackTitle "GM"]
[WhiteElo "2190"]
[BlackElo "2587"]
[WhiteTeam "Tajikistan"]
[BlackTeam "Croatia"]
[WhiteFideId "14700298"]
[BlackFideId "14506688"]
[EventDate "2012.08.28"]

1. e4 g6 2. d4 Bg7 3. Nc3 c6 4. g3 d5 5. exd5 cxd5 6. Bg2 e6 7. Nge2 Nc6 8. O-O
Nge7 9. Nb1 O-O 10. c3 e5 11. dxe5 Nxe5 12. Nf4 Bg4 13. Qb3 g5 14. Nh3 h6 15. f4
Nd3 16. fxg5 Nxc1 17. Rxc1 hxg5 18. Na3 d4 19. Nf2 Be6 20. Qb5 Nf5 21. Rd1 Ne3
22. Rd2 Nxg2 23. Kxg2 a6 24. Qf1 Qa5 25. Nb1 Rfd8 26. cxd4 Bxd4 27. Nc3 Bxc3 28.
Rxd8+ Rxd8 29. bxc3 Qxc3 30. Rd1 Rxd1 31. Qxd1 Kg7 32. Ne4 Qe5 33. Nf2 Bxa2 34.
Qc1 Be6 0-1

[Event "40th Olympiad Open"]
[Site "Istanbul TUR"]
[Date "2012.09.09"]
[Round "11.21"]
[Board "2"]
[White "Miezis, Normunds"]
[Black "Vera Siguenas, Deivy"]
[Result "1/2-1/2"]
[WhiteTitle "GM"]
[BlackTitle "FM"]
[WhiteElo "2580"]
[BlackElo "2359"]
[WhiteTeam "Latvia"]
[BlackTeam "Peru"]
[WhiteFideId "11600136"]
[BlackFideId "3804623"]
[EventDate "2012.08.28"]

1. c4 Nf6 2. Nc3 g6 3. g3 Bg7 4. Bg2 O-O 5. e4 d6 6. Nge2 c5 7. O-O Nc6 8. a3
Nd7 9. Rb1 a5 10. d3 Re8 11. Nb5 Nf8 12. Be3 Ne6 13. Qd2 Ncd4 14. Nbxd4 Nxd4 15.
Nxd4 cxd4 16. Bh6 a4 17. Bxg7 Kxg7 18. f4 Ra5 19. Qf2 Qb6 20. Rbe1 Be6 21. f5
gxf5 22. Bh3 f6 23. exf5 Bf7 24. Re4 Re5 25. Rxd4 Kh8 26. Rf4 Qxf2+ 27. Kxf2 Rc5
28. Re1 Kg8 29. Bf1 Kf8 30. d4 Rc6 31. d5 Rb6 32. Re2 Rc8 33. Rh4 Kg8 34. Rd2
Rc7 35. Be2 Ra6 36. Rhd4 Ra5 37. g4 Be8 38. h4 Rcc5 39. g5 fxg5 40. hxg5 b5 41.
Kg3 bxc4 42. Bxc4 Bb5 43. Bxb5 Rcxb5 44. Kf4 Rc5 45. Kg4 Rc1 46. Rd1 Rc2 47.
R4d2 Rc4+ 48. Kf3 Rb5 49. Re1 Kf8 50. g6 hxg6 51. fxg6 Rb3+ 52. Re3 Rxe3+ 53.
Kxe3 Kg7 54. Rg2 Rc5 55. Kd4 Rb5 56. Kc4 Rb3 57. Kd4 Rb5 58. Ke4 Rb3 59. Kd4 Rb5 1/2-1/2

[Event "40th Olympiad Open"]
[Site "Istanbul TUR"]
[Date "2012.09.09"]
[Round "11.21"]
[Board "3"]
[White "Leiva, Giuseppe"]
[Black "Neiksans, Arturs"]
[Result "1/2-1/2"]
[WhiteTitle "FM"]
[BlackTitle "GM"]
[WhiteElo "2283"]
[BlackElo "2537"]
[WhiteTeam "Peru"]
[BlackTeam "Latvia"]
[WhiteFideId "3804399"]
[BlackFideId "11601388"]
[EventDate "2012.08.28"]

1. d4 f5 2. Bg5 h6 3. Bh4 g5 4. e3 Nf6 5. Bg3 d6 6. h4 g4 7. Bc4 Nh5 8. Ne2 Bg7
9. Nbc3 Nc6 10. Nf4 Nxf4 11. Bxf4 e5 12. dxe5 dxe5 13. Bg3 Qe7 14. a3 Bd7 15. h5
Qc5 16. Qd5 Qxd5 17. Nxd5 O-O-O 18. Bh4 Rde8 19. Nf6 Bxf6 20. Bxf6 Rh7 21. O-O-O
Be6 22. Bb5 Bd7 23. Bc4 Be6 24. Bb5 Bd7 25. Bc4 1/2-1/2

[Event "40th Olympiad Open"]
[Site "Istanbul TUR"]
[Date "2012.09.09"]
[Round "11.21"]
[Board "4"]
[White "Starostits, Ilmars"]
[Black "Pacheco, Marco"]
[Result "1-0"]
[WhiteTitle "GM"]
[BlackTitle "FM"]
[WhiteElo "2494"]
[BlackElo "2383"]
[WhiteTeam "Latvia"]
[BlackTeam "Peru"]
[WhiteFideId "11600748"]
[BlackFideId "3800989"]
[EventDate "2012.08.28"]

1. e4 e6 2. d4 d5 3. Nc3 Bb4 4. exd5 exd5 5. Bd3 Nc6 6. Nf3 Bg4 7. O-O Nge7 8.
a3 Bxc3 9. bxc3 Qd7 10. Rb1 b6 11. h3 Bxf3 12. Qxf3 O-O 13. a4 Rfe8 14. h4 Nd8
15. h5 h6 16. Qg3 Kh8 17. Re1 Ne6 18. f4 Nf8 19. Bb5 c6 20. Bd3 Nf5 21. Rxe8
Rxe8 22. Qg4 Nd6 23. f5 Re1+ 24. Kf2 Rh1 25. Bxh6 1-0

[Event "40th Olympiad Open"]
[Site "Istanbul TUR"]
[Date "2012.09.09"]
[Round "11.22"]
[Board "1"]
[White "Rahman, Ziaur"]
[Black "Kurajica, Bojan"]
[Result "1-0"]
[WhiteTitle "GM"]
[BlackTitle "GM"]
[WhiteElo "2516"]
[BlackElo "2551"]
[WhiteTeam "Bangladesh"]
[BlackTeam "Bosnia & Herzegovina"]
[WhiteFideId "10200037"]
[BlackFideId "14400057"]
[EventDate "2012.08.28"]

1. Nf3 Nf6 2. g3 b5 3. Bg2 Bb7 4. O-O g6 5. d3 Bg7 6. e4 O-O 7. Na3 c6 8. e5 Nd5
9. Re1 Na6 10. h4 Ndc7 11. h5 c5 12. hxg6 fxg6 13. c3 Qe8 14. Ng5 Bxg2 15. Kxg2
h6 16. Ne4 Qf7 17. f4 Rab8 18. Nc2 Qd5 19. Ne3 Qc6 20. Ng4 d5 21. Nd2 b4 22. Nf3
bxc3 23. bxc3 d4 24. c4 Ne6 25. Re4 Rb4 26. Qh1 h5 27. Nf2 Rfb8 28. Bd2 Rb2 29.
Qh4 Kf8 30. Qh3 Bh6 31. Rd1 Nb4 32. Bxb4 R8xb4 33. Nh4 Ng7 34. e6 g5 35. Ng6+
Ke8 36. g4 Rxa2 37. Rf1 Rbb2 38. f5 Re2 39. Kg1 Re3 40. Rxe3 dxe3 41. Qxe3 Qc7
42. Rb1 Nxf5 43. Qf3 1-0

[Event "40th Olympiad Open"]
[Site "Istanbul TUR"]
[Date "2012.09.09"]
[Round "11.22"]
[Board "2"]
[White "Dizdarevic, Emir"]
[Black "Abdulla, Al-Rakib"]
[Result "1/2-1/2"]
[WhiteTitle "GM"]
[BlackTitle "GM"]
[WhiteElo "2499"]
[BlackElo "2514"]
[WhiteTeam "Bosnia & Herzegovina"]
[BlackTeam "Bangladesh"]
[WhiteFideId "14400049"]
[BlackFideId "10200444"]
[EventDate "2012.08.28"]

1. Nf3 Nf6 2. g3 d5 3. Bg2 c6 4. O-O Bg4 5. d4 Nbd7 6. Nbd2 e6 7. Re1 Be7 8. e4
O-O 9. c3 Rc8 10. Qb3 Qc7 11. e5 Ne8 12. c4 Bh5 13. h4 dxc4 14. Nxc4 c5 15. Bg5
Bxg5 16. Nxg5 h6 17. Ne4 cxd4 18. Ned6 Nxd6 19. Nxd6 Rb8 20. Rac1 Qa5 21. Nxb7
Qd2 22. Qc2 Qxc2 23. Rxc2 d3 24. Rd2 Be2 25. f4 Rfc8 26. Kf2 Nb6 27. b3 Rc3 28.
Nd6 a6 29. Bb7 a5 30. Be4 Nd7 31. Ke3 a4 32. bxa4 Nc5 33. Bc6 Rb4 34. a5 Ra3 35.
Rc1 Rxa5 36. Be8 f6 37. Bg6 Kf8 38. Rc3 fxe5 39. fxe5 Ke7 40. Nc4 Ra7 41. Nb6
Ra5 42. Nc4 Ra7 43. Nd6 Ra5 44. Nc4 1/2-1/2

[Event "40th Olympiad Open"]
[Site "Istanbul TUR"]
[Date "2012.09.09"]
[Round "11.22"]
[Board "3"]
[White "Hossain, Enamul"]
[Black "Stojanovic, Dalibor"]
[Result "1/2-1/2"]
[WhiteTitle "GM"]
[BlackTitle "IM"]
[WhiteElo "2480"]
[BlackElo "2495"]
[WhiteTeam "Bangladesh"]
[BlackTeam "Bosnia & Herzegovina"]
[WhiteFideId "10200649"]
[BlackFideId "922692"]
[EventDate "2012.08.28"]

1. e4 e5 2. Bc4 Nf6 3. d3 c6 4. Nf3 d5 5. Bb3 Bb4+ 6. c3 Bd6 7. Bg5 dxe4 8. dxe4
h6 9. Bh4 Na6 10. Nbd2 Bc7 11. Qe2 Nc5 12. Bc2 Ne6 13. O-O-O Nf4 14. Qf1 Qe7 15.
h3 Be6 16. g3 Ng6 17. Nc4 Nxh4 18. Nxh4 g6 19. Kb1 Nd7 20. Ng2 O-O-O 21. Nce3
Qc5 22. f4 exf4 23. gxf4 Nb6 24. Qf3 Qa5 25. Bb3 Bxb3 26. axb3 Qb5 27. Kc2 a5
28. Rxd8+ Rxd8 29. Rd1 Re8 30. e5 a4 31. bxa4 Qxa4+ 32. Kc1 Qa2 33. Qe4 g5 34.
fxg5 hxg5 35. Qb4 Qe6 36. Rf1 Nd7 37. Qg4 Nxe5 38. Qxg5 Qxh3 39. Kc2 Kb8 40. Qf5
Qh6 41. Qe4 Qg6 42. Rf5 Qe6 43. Nf4 Qd7 44. Nfg2 Ng6 45. Qd3 Qe6 46. Kb1 Bb6 47.
Nc4 Rd8 48. Qf1 Rd1+ 49. Qxd1 Qxf5+ 50. Ka1 Bc7 51. Nce3 Qe6 52. Qf3 Ne7 53. Nh4
Qb3 54. Nhf5 Ng6 55. Qe4 Ne5 56. Qh1 Qa4+ 57. Kb1 Ka7 58. Ne7 Bd8 59. Nc8+ Kb8
60. Nd6 Kc7 61. Ndf5 Bg5 62. Nc2 Qf4 63. Nfd4 Nc4 64. Ka2 Qe5 65. Qh7 Nd6 66.
Qd3 f5 67. Nf3 Qa5+ 68. Kb1 Bf6 69. Ne3 Ne4 70. Nd4 Bxd4 71. Qxd4 Qb5 72. Ka1
Nd6 73. Kb1 Qe2 74. Qg7+ Kb6 75. Qd4+ Ka6 76. Qa4+ Kb6 77. Qd4+ Ka6 78. Qa4+ Kb6 1/2-1/2

[Event "40th Olympiad Open"]
[Site "Istanbul TUR"]
[Date "2012.09.09"]
[Round "11.23"]
[Board "2"]
[White "Annaberdiev, Meilis"]
[Black "Vasquez Schroeder, Rodrigo"]
[Result "1-0"]
[WhiteTitle "IM"]
[BlackTitle "GM"]
[WhiteElo "2437"]
[BlackElo "2533"]
[WhiteTeam "Turkmenistan"]
[BlackTeam "Chile"]
[WhiteFideId "14000563"]
[BlackFideId "3400042"]
[EventDate "2012.08.28"]

1. e4 c5 2. Nf3 Nc6 3. d4 cxd4 4. Nxd4 Nf6 5. Nc3 e5 6. Ndb5 d6 7. Bg5 a6 8.
Bxf6 gxf6 9. Na3 b5 10. Nd5 Bg7 11. g3 f5 12. Bg2 fxe4 13. Bxe4 Be6 14. c3 Rc8
15. Nc2 O-O 16. a4 bxa4 17. Rxa4 f5 18. Bg2 a5 19. O-O Qe8 20. Nce3 Qf7 21. Nc4
Rb8 22. Nxd6 Qd7 23. Rc4 Kh8 24. Rh4 Rbd8 25. Qh5 h6 26. Qg6 Qxd6 27. Rxh6+ Bxh6
28. Qxh6+ Kg8 29. Qg6+ Kh8 30. Nf6 Rxf6 31. Qxf6+ Kg8 32. Bxc6 Bc4 33. Qg5+ Kh8
34. Qh4+ 1-0

[Event "40th Olympiad Open"]
[Site "Istanbul TUR"]
[Date "2012.09.09"]
[Round "11.23"]
[Board "3"]
[White "Flores Rios, Mauricio"]
[Black "Atabayev, Maksat"]
[Result "0-1"]
[WhiteTitle "GM"]
[BlackTitle "FM"]
[WhiteElo "2498"]
[BlackElo "2402"]
[WhiteTeam "Chile"]
[BlackTeam "Turkmenistan"]
[WhiteFideId "3408027"]
[BlackFideId "14001101"]
[EventDate "2012.08.28"]

1. e4 c5 2. Nf3 d6 3. d4 cxd4 4. Nxd4 Nf6 5. Nc3 a6 6. Be3 e5 7. Nb3 Be7 8. f3
Be6 9. Qd2 O-O 10. O-O-O a5 11. g4 a4 12. Na1 a3 13. b3 Nc6 14. Nb5 Ne8 15. c4
Nc7 16. Nc3 Nd4 17. Bxd4 exd4 18. Qxd4 Bf6 19. Qd3 b5 20. Kb1 bxc4 21. bxc4 Qb8+
22. Nb5 Nxb5 23. cxb5 d5 24. Nc2 dxe4 25. Qxe4 Re8 26. Qb4 Qe5 27. f4 Qb2+ 28.
Qxb2 axb2 29. a3 Bxg4 30. Rd2 Bf5 31. Bd3 Red8 32. Rhd1 Bc3 33. Bxf5 Bxd2 34.
Be4 Bc3 35. Bd5 Bf6 36. Rd3 Rab8 37. Bc4 Rdc8 38. Ne3 Rxb5 39. Rd7 Rbc5 40.
Bxf7+ Kf8 0-1